MARC details
| 000 -LEADER |
| fixed length control field |
02721cam a2200481 a 4500 |
| 001 - CONTROL NUMBER |
| control field |
14503207 |
| 003 - CONTROL NUMBER IDENTIFIER |
| control field |
ARRUPE |
| 005 - DATE AND TIME OF LATEST TRANSACTION |
| control field |
20150910110705.0 |
| 008 - FIXED-LENGTH DATA ELEMENTS--GENERAL INFORMATION |
| fixed length control field |
060817s2008 dcu b 001 0 eng |
| 010 ## - LIBRARY OF CONGRESS CONTROL NUMBER |
| LC control number |
2006026614 |
| 020 ## - INTERNATIONAL STANDARD BOOK NUMBER |
| International Standard Book Number |
1565182316 (pbk. : alk. paper) |
| 020 ## - INTERNATIONAL STANDARD BOOK NUMBER |
| International Standard Book Number |
9781565182318 (pbk. : alk. paper) |
| 035 ## - SYSTEM CONTROL NUMBER |
| System control number |
(OCoLC)ocm71222971 |
| 040 ## - CATALOGING SOURCE |
| Original cataloging agency |
DLC |
| Transcribing agency |
DLC |
| Modifying agency |
BTCTA |
| -- |
C#P |
| -- |
CDX |
| -- |
DLC |
| 043 ## - GEOGRAPHIC AREA CODE |
| Geographic area code |
f-rh--- |
| 050 00 - LIBRARY OF CONGRESS CALL NUMBER |
| Classification number |
DT2996 |
| Item number |
.S77 2008 |
| 082 00 - DEWEY DECIMAL CLASSIFICATION NUMBER |
| Classification number |
968.9105/1 |
| Edition number |
22 |
| 300 ## - PHYSICAL DESCRIPTION |
| Dimensions |
23 cm. |
| 245 04 - TITLE STATEMENT |
| Title |
The struggles after the struggle / |
| Statement of responsibility, etc |
edited by David Kaulemu. |
| 260 ## - PUBLICATION, DISTRIBUTION, ETC. (IMPRINT) |
| Place of publication, distribution, etc |
Washington, D.C. : |
| Name of publisher, distributor, etc |
Council for Research in Values and Philosophy, |
| Date of publication, distribution, etc |
c2008. |
| 300 ## - PHYSICAL DESCRIPTION |
| Extent |
227 p. ; |
| 490 1# - SERIES STATEMENT |
| Series statement |
Cultural heritage and contemporary change. Series II, Africa ; |
| Volume number/sequential designation |
v. 12 |
| 490 1# - SERIES STATEMENT |
| Series statement |
Zimbabwean philosophical study ; |
| Volume number/sequential designation |
1 |
| 504 ## - BIBLIOGRAPHY, ETC. NOTE |
| Bibliography, etc |
Includes bibliographical references and index. |
| 505 0# - FORMATTED CONTENTS NOTE |
| Formatted contents note |
In search of social justice : reconciliation and the land question in Zimbabwe -- Religion and the struggle for peace in Zimbabwe -- Running in vicious circles : paradoxes of struggles for peace in Zimbabwe -- The quest for unity, peace, and stability in Zimbabwe -- Reflections on corporate peace at the dawn of the free market -- Reconciliation : why the church failed to live with itself in Zimbabwe -- Rethinking wildlife conservation in Zimbabwe -- Education at cultural crossroads : a struggle for meaningful education in Zimbabwe -- Kugara Hunzwana : conceptions of social cohesion in an African culture -- Beyond contemporary exclusivist traditionalist culture in peace building and development -- Could there be a completely different way of living? |
| 650 #0 - SUBJECT ADDED ENTRY--TOPICAL TERM |
| Topical term or geographic name as entry element |
Political science |
| Geographic subdivision |
Zimbabwe |
| General subdivision |
Philosophy. |
| 9 (RLIN) |
363 |
| 650 #0 - SUBJECT ADDED ENTRY--TOPICAL TERM |
| Topical term or geographic name as entry element |
Social sciences |
| Geographic subdivision |
Zimbabwe |
| General subdivision |
Philosophy. |
| 9 (RLIN) |
364 |
| 650 #0 - SUBJECT ADDED ENTRY--TOPICAL TERM |
| Topical term or geographic name as entry element |
Postcolonialism |
| Geographic subdivision |
Zimbabwe. |
| 9 (RLIN) |
365 |
| 650 #0 - SUBJECT ADDED ENTRY--TOPICAL TERM |
| Topical term or geographic name as entry element |
Nationalism |
| Geographic subdivision |
Zimbabwe. |
| 9 (RLIN) |
366 |
| 650 #0 - SUBJECT ADDED ENTRY--TOPICAL TERM |
| Topical term or geographic name as entry element |
Intercultural communication |
| Geographic subdivision |
Zimbabwe. |
| 9 (RLIN) |
367 |
| 650 #0 - SUBJECT ADDED ENTRY--TOPICAL TERM |
| Topical term or geographic name as entry element |
Social justice |
| Geographic subdivision |
Zimbabwe. |
| 9 (RLIN) |
368 |
| 651 #0 - SUBJECT ADDED ENTRY--GEOGRAPHIC NAME |
| Geographic name |
Zimbabwe |
| General subdivision |
Politics and government |
| Chronological subdivision |
1980- |
| 9 (RLIN) |
369 |
| 651 #0 - SUBJECT ADDED ENTRY--GEOGRAPHIC NAME |
| Geographic name |
Zimbabwe |
| General subdivision |
Civilization |
| -- |
Philosophy. |
| 9 (RLIN) |
370 |
| 651 #0 - SUBJECT ADDED ENTRY--GEOGRAPHIC NAME |
| Geographic name |
Zimbabwe |
| General subdivision |
Colonial influence. |
| 9 (RLIN) |
371 |
| 651 #0 - SUBJECT ADDED ENTRY--GEOGRAPHIC NAME |
| Geographic name |
Zimbabwe |
| General subdivision |
Social conditions |
| Chronological subdivision |
1980- |
| 9 (RLIN) |
372 |
| 700 1# - ADDED ENTRY--PERSONAL NAME |
| Personal name |
Kaulem, David. |
| 9 (RLIN) |
373 |
| 700 1# - ADDED ENTRY--PERSONAL NAME |
| Personal name |
Kaulemu, David |
| 9 (RLIN) |
19744 |
| 830 #0 - SERIES ADDED ENTRY--UNIFORM TITLE |
| Uniform title |
Cultural heritage and contemporary change. |
| Number of part/section of a work |
Series II |
| Name of part/section of a work |
Africa ; |
| Volume number/sequential designation |
v. 12. |
| 9 (RLIN) |
374 |
| 830 #0 - SERIES ADDED ENTRY--UNIFORM TITLE |
| Uniform title |
Zimbabwean philosophical study ; |
| Volume number/sequential designation |
1. |
| 9 (RLIN) |
375 |
| 856 41 - ELECTRONIC LOCATION AND ACCESS |
| Materials specified |
Table of contents only |
| Uniform Resource Identifier |
<a href="http://www.loc.gov/catdir/toc/ecip0619/2006026614.html">http://www.loc.gov/catdir/toc/ecip0619/2006026614.html</a> |
| 906 ## - LOCAL DATA ELEMENT F, LDF (RLIN) |
| a |
7 |
| b |
cbc |
| c |
orignew |
| d |
1 |
| e |
ecip |
| f |
20 |
| g |
y-gencatlg |
| 942 ## - ADDED ENTRY ELEMENTS (KOHA) |
| Source of classification or shelving scheme |
Library of Congress Classification |
| Koha item type |
Monograph ( Printed materials) |
| Koha issues (borrowed), all copies |
3 |